| 000 | 00745nam a22002057a 4500 | ||
|---|---|---|---|
| 999 |
_c14892 _d14892 |
||
| 003 | AR-CdUCM | ||
| 008 | 190425b ||||| |||| 00| 0 spa d | ||
| 020 | _a978-84-7864-940-2 | ||
| 040 |
_aMUNICIPALIDAD PROVINCIAL DEL CUSCO _cBIBLIOTECA MUNICIPAL DEL CUSCO |
||
| 082 |
_aPI / 376.1 / _bC73 _22ed. |
||
| 110 |
_aCombel _932671 |
||
| 245 | _aLos vestidos de Abel / | ||
| 260 |
_aBarcelona : _bCombel, _c2006.. |
||
| 300 |
_a18 paginas ; _bIlustraciones _c28 cm. _eVestidos recortables y complementos para recortar y pintar, adhesivos y el escenario del protagonista |
||
| 650 |
_aJuegos para niñas _933851 |
||
| 650 |
_aAprende recortando _933852 |
||
| 650 |
_aViste a tus muñecas _933853 |
||
| 942 |
_2ddc _cLIBROS |
||
| 945 |
_awnts _d2019-04-25 |
||